Šampionát v lesku olympijských kruhov Majstrovstvá Európy v rýchlostnej kanoistike 6.-9. júla 2000

Bibliographic Details
Main Author: Nejezchleb, Richard (Author)
Format: Article
Language:Slovak
PhysicalDescription:Fotogr.
Subjects:

MARC

LEADER 00000nab a2200000 a 4500
001 vtls000726982
003 SK-MaSNL
005 20260302200252.0
008 160322c2000 xo 0 slo
015 |a SNBRB2000/07-18179 
035 |a CLN000079135 
040 |a SNKBUCL  |b slo  |c SNKBUCL  |e AACR2 
041 0 |a slo 
044 |a xo  |c SK 
080 |a 797.122.3.093.1(4)  |2 UDC-MRF-SK2 
100 1 |a Nejezchleb, Richard  |4 aut  |9 273882 
245 1 0 |a Šampionát v lesku olympijských kruhov  |b Majstrovstvá Európy v rýchlostnej kanoistike 6.-9. júla 2000  |c Richard Nejezchleb 
300 |b Fotogr. 
611 1 7 |a Majstrovstvá Európy v rýchlostnej kanoistike  |d 2000  |c Poznaň, Poľsko  |2 snkbucl  |9 918985 
650 0 7 |a rýchlostná kanoistika  |2 snkbucl  |9 23438 
655 7 |a články z novín a časopisov  |2 snkbucl  |9 267496 
773 0 |t Šport  |g Roč. 54, č. 154 (6.7.2000), s. 12 
850 |a Slovenská národná knižnica v Martine 
852 |a SNK  |b KIS3GCP 
958 |a SK 
958 |a BX 
958 |a RBX 
999 |c 1456007  |d 1457937